True or False? - Roblox - Statistics

General Stats
  • This quiz has been taken 597 times
  • The average score is 5 of 10
Answer Stats
Question Answer % Correct
ROBLOX was created in 2015 False
86%
Roblox is adding voice chat soon... True
73%
Xbox was introduced to ROBLOX in 2016 True
57%
Lisa gaming roblox - WORST ROBLOX YOUTUBER? True
56%
Erik cassel (Co-Founder of Roblox) died True
54%
Admin was the first roblox player True
52%
ROBLOX allowed spaced usernames in 2006. True
47%
alexnewtron is a ROBLOX admin. False
42%
minecraft v. roblox idk
23%
Like this quiz maybe
6%
No matching quizzes found
Score Distribution
Percent of People with Each Score
Percentile by Number Answered
Your Score History
You have not taken this quiz